| 000 | 00510 a2200193 4500 | ||
|---|---|---|---|
| 001 | 125737 | ||
| 020 | _a9788532248336 | ||
| 040 | _cEscola Canadense de Niteroi | ||
| 090 | _aELI - J1 | ||
| 100 | _a Elias, José | ||
| 245 | 1 | 0 | _aUm jeito bom de brincar |
| 260 | _aSão Paulo | ||
| 300 |
_a48 p. _bil. _c2 x 20.57 x 0.51 cm (brochura) |
||
| 362 | 0 | _a2002 | |
| 520 | _aLivro de poesias para ler e brincar. | ||
| 650 | 4 | _aLiteratura Infantil | |
| 650 | 4 | _aPoesias, Poemas, Versos ou Teatro | |
| 942 | _cBK | ||
| 999 |
_c125737 _d125737 |
||